[Event "Blitz 2018"]
[Site "Saint-Petersburg"]
[Date "2018.12.30"]
[Round "15"]
[Board "69"]
[White "Vastrukhin Oleg (RUS)"]
[Black "Levin Evgeny A. (RUS)"]
[Result "1/2-1/2"]
[LiveChessVersion "1.4.8"]
[BlackElo "2539"]
[WhiteElo "2488"]

1. g3 {[%clk 0:03:03]} g6 {[%clk 0:03:02]} 2. Bg2 {[%clk 0:03:04]} Bg7
{[%clk 0:03:03]} 3. c4 {[%clk 0:03:05]} d6 {[%clk 0:03:02]} 4. Nc3
{[%clk 0:03:06]} Nf6 {[%clk 0:03:03]} 5. e3 {[%clk 0:03:01]} O-O {[%clk 0:03:02]}
6. Nge2 {[%clk 0:03:02]} e5 {[%clk 0:03:02]} 7. O-O {[%clk 0:03:02]} Nbd7
{[%clk 0:03:01]} 8. Rb1 {[%clk 0:02:59]} a5 {[%clk 0:02:53]} 9. a3
{[%clk 0:03:00]} Re8 {[%clk 0:02:46]} 10. d3 {[%clk 0:03:00]} h5 {[%clk 0:02:36]}
11. b4 {[%clk 0:02:50]} axb4 {[%clk 0:02:37]} 12. axb4 {[%clk 0:02:51]} h4
{[%clk 0:02:37]} 13. Bd2 {[%clk 0:02:45]} Nf8 {[%clk 0:02:35]} 14. Ne4
{[%clk 0:02:24]} Nxe4 {[%clk 0:02:29]} 15. Bxe4 {[%clk 0:02:24]} c6
{[%clk 0:02:10]} 16. Nc3 {[%clk 0:02:20]} Be6 {[%clk 0:02:06]} 17. Bg2
{[%clk 0:01:59]} d5 {[%clk 0:01:56]} 18. cxd5 {[%clk 0:01:52]} cxd5
{[%clk 0:01:57]} 19. e4 {[%clk 0:01:52]} dxe4 {[%clk 0:01:33]} 20. dxe4
{[%clk 0:01:49]} Bc4 {[%clk 0:01:29]} 21. Re1 {[%clk 0:01:48]} Ne6
{[%clk 0:01:30]} 22. Nd5 {[%clk 0:01:35]} Ra2 {[%clk 0:00:57]} 23. Be3
{[%clk 0:01:26]} Nd4 {[%clk 0:00:55]} 24. Qg4 {[%clk 0:01:11]} Be2
{[%clk 0:00:29]} 25. Qxh4 {[%clk 0:00:55]} Qxh4 {[%clk 0:00:28]} 26. gxh4
{[%clk 0:00:56]} Nf3+ {[%clk 0:00:28]} 27. Bxf3 {[%clk 0:00:52]} Bxf3
{[%clk 0:00:29]} 28. Bg5 {[%clk 0:00:44]} f5 {[%clk 0:00:21]} 29. Rb3
{[%clk 0:00:32]} Bxe4 {[%clk 0:00:15]} 30. Nc3 {[%clk 0:00:33]} Bc2
{[%clk 0:00:15]} 31. Nxa2 {[%clk 0:00:21]} Bxb3 {[%clk 0:00:16]} 32. Nc3
{[%clk 0:00:21]} e4 {[%clk 0:00:16]} 33. Ne2 {[%clk 0:00:21]} Rc8
{[%clk 0:00:11]} 34. Nf4 {[%clk 0:00:18]} Kf7 {[%clk 0:00:13]} 35. h5
{[%clk 0:00:14]} gxh5 {[%clk 0:00:13]} 36. h4 {[%clk 0:00:15]} Rc4
{[%clk 0:00:08]} 37. Nxh5 {[%clk 0:00:11]} Bc3 {[%clk 0:00:09]} 38. Re3
{[%clk 0:00:06]} Bd1 {[%clk 0:00:08]} 39. Nf4 {[%clk 0:00:05]} Bxb4
{[%clk 0:00:08]} 40. Nd5 {[%clk 0:00:04]} Bd6 {[%clk 0:00:06]} 41. Bf4
{[%clk 0:00:05]} Bxf4 42. Nxf4 {[%clk 0:00:06]} b5 {[%clk 0:00:07]} 43. Ra3
{[%clk 0:00:06]} Rc1 {[%clk 0:00:07]} 44. Kh2 {[%clk 0:00:06]} b4
{[%clk 0:00:07]} 45. Ra7+ {[%clk 0:00:07]} Kf6 {[%clk 0:00:09]} 46. Rb7
{[%clk 0:00:08]} b3 {[%clk 0:00:09]} 47. Rb6+ {[%clk 0:00:08]} Ke5
{[%clk 0:00:10]} 48. Ng6+ {[%clk 0:00:06]} Kd4 {[%clk 0:00:11]} 49. Nf4
{[%clk 0:00:05]} Kc3 {[%clk 0:00:06]} 50. Nd5+ {[%clk 0:00:06]} Kb2
{[%clk 0:00:07]} 51. Ne3 {[%clk 0:00:04]} Bf3 {[%clk 0:00:07]} 52. Kg3
{[%clk 0:00:04]} Ka2 {[%clk 0:00:08]} 53. Nxf5 {[%clk 0:00:04]} b2
{[%clk 0:00:09]} 54. Ra6+ {[%clk 0:00:05]} Kb1 {[%clk 0:00:10]} 55. Nd6
{[%clk 0:00:04]} Rg1+ {[%clk 0:00:11]} 56. Kf4 {[%clk 0:00:05]} Kc1
{[%clk 0:00:10]} 57. Rc6+ {[%clk 0:00:06]} Kd1 {[%clk 0:00:07]} 58. Rb6 Kc1
{[%clk 0:00:04]} 59. Rc6+ {[%clk 0:00:08]} Kb1 {[%clk 0:00:05]} 60. Nxe4
{[%clk 0:00:05]} Bxe4 {[%clk 0:00:05]} 61. Kxe4 {[%clk 0:00:07]} Ka2
{[%clk 0:00:05]} 62. Ra6+ {[%clk 0:00:08]} Kb3 {[%clk 0:00:06]} 63. Rb6+
{[%clk 0:00:09]} Kc3 {[%clk 0:00:07]} 64. f4 {[%clk 0:00:10]} b1=Q+
{[%clk 0:00:07]} 65. Rxb1 {[%clk 0:00:11]} Rxb1 {[%clk 0:00:08]} 66. f5
{[%clk 0:00:12]} Re1+ {[%clk 0:00:07]} 67. Kd5 {[%clk 0:00:14]} Rh1
{[%clk 0:00:06]} 68. f6 {[%clk 0:00:15]} Rxh4 {[%clk 0:00:07]} 69. f7
{[%clk 0:00:16]} Rf4 {[%clk 0:00:07]} 70. Ke6 {[%clk 0:00:17]} 1/2-1/2

[Event "Blitz 2018"]
[Site "Saint-Petersburg"]
[Date "2018.12.30"]
[Round "15"]
[Board "70"]
[White "Drygalov Sergey (RUS)"]
[Black "Tukhaev Adam (UKR)"]
[Result "0-1"]
[LiveChessVersion "1.4.8"]
[BlackElo "2529"]
[WhiteElo "2428"]

1. d4 {[%clk 0:03:03]} g6 {[%clk 0:03:03]} 2. e4 {[%clk 0:03:02]} d6
{[%clk 0:03:04]} 3. Nc3 {[%clk 0:03:03]} Nf6 {[%clk 0:03:05]} 4. f4
{[%clk 0:03:05]} Bg7 {[%clk 0:03:06]} 5. Nf3 {[%clk 0:03:06]} O-O
{[%clk 0:03:06]} 6. Bd3 {[%clk 0:03:07]} Na6 {[%clk 0:03:07]} 7. O-O
{[%clk 0:03:03]} c5 {[%clk 0:03:08]} 8. d5 {[%clk 0:03:04]} Bg4 {[%clk 0:03:09]}
9. Bc4 {[%clk 0:03:00]} Nc7 {[%clk 0:03:08]} 10. h3 {[%clk 0:02:55]} Bxf3
{[%clk 0:03:08]} 11. Qxf3 {[%clk 0:02:56]} a6 {[%clk 0:03:07]} 12. a4
{[%clk 0:02:57]} b6 {[%clk 0:03:08]} 13. Bd2 {[%clk 0:02:25]} Nd7
{[%clk 0:02:54]} 14. Qe2 {[%clk 0:01:43]} Qc8 {[%clk 0:02:48]} 15. Rab1
{[%clk 0:01:34]} Rb8 {[%clk 0:01:30]} 16. e5 {[%clk 0:01:15]} dxe5
{[%clk 0:01:28]} 17. f5 {[%clk 0:01:16]} e4 {[%clk 0:01:06]} 18. Nxe4
{[%clk 0:00:58]} b5 {[%clk 0:01:07]} 19. Ba2 {[%clk 0:00:59]} c4 {[%clk 0:00:35]}
20. d6 {[%clk 0:00:58]} exd6 {[%clk 0:00:32]} 21. f6 {[%clk 0:00:58]} Bh8
{[%clk 0:00:33]} 22. Nxd6 {[%clk 0:00:47]} Qd8 {[%clk 0:00:34]} 23. Rbd1
{[%clk 0:00:29]} Nd5 {[%clk 0:00:32]} 24. Kh1 {[%clk 0:00:13]} Qb6
{[%clk 0:00:28]} 25. Bh6 {[%clk 0:00:12]} Qxd6 {[%clk 0:00:26]} 26. Bxf8
{[%clk 0:00:14]} Rxf8 {[%clk 0:00:22]} 27. Qf3 {[%clk 0:00:10]} N7xf6 28. b3 Qc5
{[%clk 0:00:14]} 29. bxc4 {[%clk 0:00:11]} Ne3 {[%clk 0:00:11]} 30. cxb5
{[%clk 0:00:11]} axb5 {[%clk 0:00:11]} 31. Qf2 {[%clk 0:00:10]} Ne4
{[%clk 0:00:12]} 32. Bxf7+ {[%clk 0:00:11]} Kg7 {[%clk 0:00:13]} 33. Qf4
{[%clk 0:00:07]} Nxd1 {[%clk 0:00:12]} 34. Qxe4 {[%clk 0:00:06]} Nf2+
{[%clk 0:00:12]} 35. Rxf2 {[%clk 0:00:06]} Qxf2 {[%clk 0:00:13]} 36. Bb3
{[%clk 0:00:04]} Qf1+ {[%clk 0:00:12]} 37. Kh2 {[%clk 0:00:06]} Qf4+
{[%clk 0:00:13]} 38. Qxf4 {[%clk 0:00:06]} Rxf4 {[%clk 0:00:14]} 39. axb5
{[%clk 0:00:08]} Rb4 {[%clk 0:00:15]} 0-1

[Event "Blitz 2018"]
[Site "Saint-Petersburg"]
[Date "2018.12.30"]
[Round "15"]
[Board "71"]
[White "Oganian Miran (RUS)"]
[Black "Geller Jakov (RUS)"]
[Result "0-1"]
[LiveChessVersion "1.4.8"]
[BlackElo "2528"]
[WhiteElo "2326"]

1. b3 {[%clk 0:03:03]} Nf6 {[%clk 0:03:02]} 2. Bb2 {[%clk 0:03:04]} d5
{[%clk 0:03:03]} 3. Nf3 {[%clk 0:03:05]} Bf5 {[%clk 0:03:04]} 4. e3
{[%clk 0:03:04]} e6 {[%clk 0:03:04]} 5. c4 {[%clk 0:02:55]} c6 {[%clk 0:03:05]}
6. Nc3 {[%clk 0:02:55]} h6 {[%clk 0:03:05]} 7. d4 {[%clk 0:02:56]} Be7
{[%clk 0:02:53]} 8. Bd3 {[%clk 0:02:57]} Bxd3 {[%clk 0:02:51]} 9. Qxd3
{[%clk 0:02:58]} Nbd7 {[%clk 0:02:52]} 10. O-O {[%clk 0:02:58]} O-O
{[%clk 0:02:51]} 11. e4 {[%clk 0:02:57]} dxe4 {[%clk 0:02:47]} 12. Nxe4
{[%clk 0:02:56]} Nxe4 {[%clk 0:02:47]} 13. Qxe4 {[%clk 0:02:57]} a5
{[%clk 0:02:44]} 14. Rad1 {[%clk 0:02:53]} Bf6 {[%clk 0:02:37]} 15. Ba3
{[%clk 0:02:46]} Re8 {[%clk 0:02:37]} 16. Ne5 {[%clk 0:02:43]} Qc7
{[%clk 0:02:32]} 17. f4 {[%clk 0:02:39]} a4 {[%clk 0:02:19]} 18. Rf3
{[%clk 0:02:31]} axb3 {[%clk 0:02:17]} 19. Rxb3 {[%clk 0:02:32]} Nxe5
{[%clk 0:02:13]} 20. fxe5 {[%clk 0:02:28]} Be7 {[%clk 0:02:14]} 21. Bc1
{[%clk 0:02:15]} Rxa2 {[%clk 0:01:37]} 22. Rg3 {[%clk 0:01:43]} Ra1
{[%clk 0:01:27]} 23. Qg4 {[%clk 0:01:25]} Bg5 {[%clk 0:00:59]} 24. h4
{[%clk 0:01:10]} f5 {[%clk 0:01:00]} 25. exf6 {[%clk 0:01:04]} Bxc1
{[%clk 0:00:57]} 26. Rf1 {[%clk 0:00:26]} Qf7 {[%clk 0:00:21]} 27. Qxg7+
{[%clk 0:00:07]} Qxg7 {[%clk 0:00:22]} 28. f7+ {[%clk 0:00:08]} Kf8
{[%clk 0:00:19]} 29. Rxg7 {[%clk 0:00:04]} Be3+ {[%clk 0:00:20]} 30. Kh2
{[%clk 0:00:05]} Rxf1 {[%clk 0:00:20]} 31. fxe8=Q+ {[%clk 0:00:03]} Kxe8
{[%clk 0:00:20]} 32. Rxb7 {[%clk 0:00:04]} Bxd4 {[%clk 0:00:21]} 33. Kh3
{[%clk 0:00:03]} c5 {[%clk 0:00:21]} 34. Kg4 {[%clk 0:00:04]} Rg1
{[%clk 0:00:21]} 35. Kh5 {[%clk 0:00:03]} Rxg2 {[%clk 0:00:22]} 36. Kxh6
{[%clk 0:00:04]} e5 {[%clk 0:00:22]} 37. h5 {[%clk 0:00:03]} e4 {[%clk 0:00:23]}
38. Rb6 {[%clk 0:00:04]} Kf7 {[%clk 0:00:22]} 39. Rb7+ {[%clk 0:00:04]} Kf6
{[%clk 0:00:22]} 40. Kh7 {[%clk 0:00:04]} e3 {[%clk 0:00:23]} 41. h6
{[%clk 0:00:05]} e2 {[%clk 0:00:23]} 42. Rg7 {[%clk 0:00:06]} Rh2
{[%clk 0:00:19]} 43. Rg6+ {[%clk 0:00:05]} Kf5 {[%clk 0:00:19]} 0-1

[Event "Blitz 2018"]
[Site "Saint-Petersburg"]
[Date "2018.12.30"]
[Round "15"]
[Board "72"]
[White "Sanikidze Tornike (GEO)"]
[Black "Piorun Kacper (POL)"]
[Result "0-1"]
[LiveChessVersion "1.4.8"]
[BlackElo "2646"]
[WhiteElo "2484"]

1. d4 {[%clk 0:03:03]} f5 {[%clk 0:03:03]} 2. Nc3 {[%clk 0:03:03]} d5
{[%clk 0:03:04]} 3. Bf4 {[%clk 0:03:03]} a6 {[%clk 0:03:02]} 4. e3
{[%clk 0:03:03]} Nf6 {[%clk 0:03:02]} 5. Nf3 {[%clk 0:03:04]} e6 {[%clk 0:03:03]}
6. Be2 {[%clk 0:03:04]} c5 {[%clk 0:03:04]} 7. O-O {[%clk 0:03:03]} Nc6
{[%clk 0:03:05]} 8. Na4 {[%clk 0:03:03]} c4 {[%clk 0:03:00]} 9. b3
{[%clk 0:03:04]} cxb3 {[%clk 0:02:36]} 10. axb3 {[%clk 0:03:01]} Be7
{[%clk 0:02:35]} 11. c4 {[%clk 0:02:59]} O-O {[%clk 0:02:35]} 12. Ne5
{[%clk 0:02:48]} Bd6 {[%clk 0:01:51]} 13. Nxc6 {[%clk 0:02:32]} bxc6
{[%clk 0:01:52]} 14. Bxd6 {[%clk 0:02:31]} Qxd6 {[%clk 0:01:53]} 15. Nb6
{[%clk 0:02:25]} Ra7 {[%clk 0:01:50]} 16. c5 {[%clk 0:02:15]} Qb8
{[%clk 0:01:36]} 17. b4 {[%clk 0:02:04]} e5 {[%clk 0:00:57]} 18. Nxc8
{[%clk 0:01:28]} Rxc8 {[%clk 0:00:58]} 19. Bxa6 {[%clk 0:01:23]} Rf8
{[%clk 0:00:51]} 20. b5 {[%clk 0:01:01]} cxb5 {[%clk 0:00:47]} 21. c6
{[%clk 0:00:52]} e4 {[%clk 0:00:43]} 22. Qb3 {[%clk 0:00:48]} b4 {[%clk 0:00:33]}
23. Bb7 {[%clk 0:00:44]} Rxa1 {[%clk 0:00:29]} 24. Rxa1 {[%clk 0:00:46]} f4
{[%clk 0:00:18]} 25. h3 {[%clk 0:00:19]} fxe3 {[%clk 0:00:16]} 26. fxe3
{[%clk 0:00:10]} Qd6 {[%clk 0:00:15]} 27. Rc1 {[%clk 0:00:08]} Rf7
{[%clk 0:00:05]} 28. Ba6 {[%clk 0:00:05]} h5 {[%clk 0:00:06]} 29. Bb5
{[%clk 0:00:04]} h4 {[%clk 0:00:05]} 30. Qc2 {[%clk 0:00:05]} Qc7
{[%clk 0:00:05]} 31. Qb2 {[%clk 0:00:04]} Qg3 {[%clk 0:00:04]} 32. Qf2
{[%clk 0:00:05]} Qc7 {[%clk 0:00:04]} 0-1

[Event "Blitz 2018"]
[Site "Saint-Petersburg"]
[Date "2018.12.30"]
[Round "15"]
[Board "73"]
[White "Mikhalevski Victor (ISR)"]
[Black "Abdusattorov Nodirbek (UZB)"]
[Result "1-0"]
[LiveChessVersion "1.4.8"]
[BlackElo "2469"]
[WhiteElo "2521"]

1. Nf3 {[%clk 0:03:02]} Nf6 {[%clk 0:03:03]} 2. d4 {[%clk 0:03:02]} e6
{[%clk 0:03:03]} 3. Bg5 {[%clk 0:03:02]} c5 {[%clk 0:02:55]} 4. Nc3
{[%clk 0:03:01]} h6 {[%clk 0:02:30]} 5. Bxf6 {[%clk 0:02:49]} Qxf6
{[%clk 0:02:30]} 6. d5 {[%clk 0:02:50]} e5 {[%clk 0:02:09]} 7. e4
{[%clk 0:02:50]} d6 {[%clk 0:02:10]} 8. Bb5+ {[%clk 0:02:42]} Nd7
{[%clk 0:02:04]} 9. a4 {[%clk 0:02:43]} g6 {[%clk 0:02:00]} 10. O-O
{[%clk 0:02:31]} Bg7 {[%clk 0:02:01]} 11. a5 {[%clk 0:02:25]} a6 {[%clk 0:01:57]}
12. Bxd7+ {[%clk 0:02:08]} Bxd7 {[%clk 0:01:58]} 13. Nd2 {[%clk 0:02:10]} O-O
{[%clk 0:01:56]} 14. Nc4 {[%clk 0:02:10]} Rab8 {[%clk 0:01:49]} 15. Qe2
{[%clk 0:02:00]} Qe7 {[%clk 0:01:47]} 16. Ra3 {[%clk 0:01:58]} f5
{[%clk 0:01:42]} 17. Rb3 {[%clk 0:01:59]} f4 {[%clk 0:01:28]} 18. f3
{[%clk 0:02:00]} Rf6 {[%clk 0:01:26]} 19. Rb6 {[%clk 0:01:57]} g5
{[%clk 0:01:26]} 20. h3 {[%clk 0:01:50]} h5 {[%clk 0:01:26]} 21. Kf2
{[%clk 0:01:52]} g4 {[%clk 0:01:27]} 22. hxg4 {[%clk 0:01:52]} hxg4
{[%clk 0:01:28]} 23. Ke1 {[%clk 0:01:53]} Rh6 {[%clk 0:01:26]} 24. Kd1
{[%clk 0:01:50]} g3 {[%clk 0:01:21]} 25. Kc1 {[%clk 0:01:38]} Be8
{[%clk 0:01:19]} 26. b3 {[%clk 0:01:35]} Rd8 {[%clk 0:01:18]} 27. Kb2
{[%clk 0:01:34]} Rh2 {[%clk 0:01:19]} 28. Rg1 {[%clk 0:01:27]} Bf8
{[%clk 0:01:11]} 29. Nb1 {[%clk 0:01:15]} Rd7 {[%clk 0:01:04]} 30. Qd2
{[%clk 0:01:01]} Rd8 {[%clk 0:00:49]} 31. b4 {[%clk 0:01:01]} Qc7
{[%clk 0:00:45]} 32. Nba3 {[%clk 0:00:58]} Rc8 {[%clk 0:00:43]} 33. b5
{[%clk 0:00:57]} Ra8 {[%clk 0:00:41]} 34. Qc3 {[%clk 0:00:54]} Bd7
{[%clk 0:00:26]} 35. Qb3 {[%clk 0:00:55]} Bc8 {[%clk 0:00:17]} 36. Ka2
{[%clk 0:00:55]} Be7 {[%clk 0:00:14]} 37. bxa6 Rxa6 {[%clk 0:00:15]} 38. Nb5
{[%clk 0:00:48]} Qd8 {[%clk 0:00:12]} 39. Nbxd6 {[%clk 0:00:45]} Bxd6
{[%clk 0:00:11]} 40. Nxd6 {[%clk 0:00:45]} Rxa5+ {[%clk 0:00:12]} 41. Kb2
{[%clk 0:00:43]} Rh6 {[%clk 0:00:10]} 42. Nxc8 {[%clk 0:00:43]} c4
{[%clk 0:00:09]} 43. Qb4 {[%clk 0:00:41]} c3+ {[%clk 0:00:07]} 44. Kb3
{[%clk 0:00:40]} Ra6 {[%clk 0:00:08]} 45. Rxh6 {[%clk 0:00:36]} Rxh6
{[%clk 0:00:09]} 46. Ne7+ {[%clk 0:00:35]} Kf7 {[%clk 0:00:10]} 47. d6
{[%clk 0:00:35]} Rxd6 {[%clk 0:00:08]} 48. Nd5 {[%clk 0:00:37]} Rxd5
{[%clk 0:00:04]} 49. exd5 Qxd5+ 50. Qc4 {[%clk 0:00:38]} 1-0

[Event "Blitz 2018"]
[Site "Saint-Petersburg"]
[Date "2018.12.30"]
[Round "15"]
[Board "74"]
[White "Belozerov Andrei (RUS)"]
[Black "Bilguun Sumiya (MGL)"]
[Result "1-0"]
[LiveChessVersion "1.4.8"]
[BlackElo "2469"]
[WhiteElo "2518"]

1. e4 {[%clk 0:03:02]} c5 {[%clk 0:03:04]} 2. Nf3 {[%clk 0:03:03]} e6
{[%clk 0:03:05]} 3. g3 {[%clk 0:03:04]} Nc6 {[%clk 0:03:05]} 4. Bg2
{[%clk 0:03:05]} Nf6 {[%clk 0:03:06]} 5. Qe2 {[%clk 0:03:07]} e5 {[%clk 0:03:07]}
6. O-O {[%clk 0:03:04]} Be7 {[%clk 0:03:08]} 7. c3 {[%clk 0:02:53]} O-O
{[%clk 0:03:01]} 8. Rd1 {[%clk 0:02:53]} d5 {[%clk 0:03:03]} 9. exd5
{[%clk 0:02:50]} Qxd5 {[%clk 0:03:04]} 10. d3 {[%clk 0:02:45]} Bg4
{[%clk 0:02:56]} 11. h3 {[%clk 0:02:36]} Bh5 {[%clk 0:02:58]} 12. g4
{[%clk 0:02:23]} Bg6 {[%clk 0:02:58]} 13. Na3 {[%clk 0:02:16]} Rad8
{[%clk 0:02:52]} 14. Ne1 {[%clk 0:01:30]} e4 {[%clk 0:02:46]} 15. g5
{[%clk 0:01:13]} Nh5 {[%clk 0:02:11]} 16. Be3 {[%clk 0:00:59]} exd3
{[%clk 0:02:02]} 17. Qg4 {[%clk 0:00:49]} Qd7 {[%clk 0:01:35]} 18. Nc4
{[%clk 0:00:44]} f5 {[%clk 0:01:34]} 19. gxf6 {[%clk 0:00:34]} Qxg4
{[%clk 0:01:23]} 20. hxg4 {[%clk 0:00:25]} Nxf6 {[%clk 0:01:24]} 21. Bxc6
{[%clk 0:00:24]} bxc6 {[%clk 0:01:25]} 22. Ne5 {[%clk 0:00:25]} c4
{[%clk 0:01:21]} 23. f3 {[%clk 0:00:19]} Nd5 {[%clk 0:01:08]} 24. Bxa7
{[%clk 0:00:15]} Bh4 {[%clk 0:00:59]} 25. Nxc4 {[%clk 0:00:12]} Bxe1
{[%clk 0:00:56]} 26. Rxe1 {[%clk 0:00:14]} Rxf3 {[%clk 0:00:57]} 27. Ne5
{[%clk 0:00:13]} Rf6 {[%clk 0:00:50]} 28. Rad1 {[%clk 0:00:10]} Nf4
{[%clk 0:00:50]} 29. Be3 {[%clk 0:00:09]} Rd5 {[%clk 0:00:31]} 30. Bxf4
{[%clk 0:00:06]} Rxf4 {[%clk 0:00:31]} 31. Kh2 {[%clk 0:00:06]} Be4
{[%clk 0:00:29]} 32. Kg3 {[%clk 0:00:08]} g5 {[%clk 0:00:30]} 33. Nc4
{[%clk 0:00:07]} Bf3 {[%clk 0:00:18]} 34. Rd2 Be2 {[%clk 0:00:18]} 35. Ne3
{[%clk 0:00:03]} Re5 36. Rdxe2 {[%clk 0:00:04]} dxe2 {[%clk 0:00:16]} 37. Rxe2
{[%clk 0:00:05]} Rfe4 {[%clk 0:00:16]} 38. Kf3 {[%clk 0:00:06]} Rf4+
{[%clk 0:00:09]} 39. Kg3 {[%clk 0:00:08]} Rfe4 {[%clk 0:00:10]} 40. Kf3
{[%clk 0:00:09]} 1-0

[Event "Blitz 2018"]
[Site "Saint-Petersburg"]
[Date "2018.12.30"]
[Round "15"]
[Board "75"]
[White "Sokolov Andrei (LAT)"]
[Black "Pershin Denis (RUS)"]
[Result "1-0"]
[LiveChessVersion "1.4.8"]
[BlackElo "2354"]
[WhiteElo "2507"]

1. d4 {[%clk 0:03:04]} d5 {[%clk 0:03:03]} 2. c4 {[%clk 0:03:04]} c6
{[%clk 0:03:05]} 3. Nf3 {[%clk 0:03:05]} Nf6 {[%clk 0:03:06]} 4. Nbd2
{[%clk 0:03:06]} Bf5 {[%clk 0:03:06]} 5. e3 {[%clk 0:03:03]} e6 {[%clk 0:03:05]}
6. Nh4 {[%clk 0:03:02]} Be4 {[%clk 0:03:07]} 7. f3 {[%clk 0:02:54]} Bg6
{[%clk 0:03:08]} 8. Qb3 {[%clk 0:02:51]} Qb6 {[%clk 0:03:04]} 9. Nxg6
{[%clk 0:02:33]} hxg6 {[%clk 0:03:04]} 10. g3 {[%clk 0:02:28]} Nbd7
{[%clk 0:02:43]} 11. f4 {[%clk 0:02:28]} Bb4 {[%clk 0:02:30]} 12. c5
{[%clk 0:02:17]} Bxd2+ {[%clk 0:02:09]} 13. Bxd2 {[%clk 0:02:18]} Qxb3 14. axb3
{[%clk 0:02:19]} a6 {[%clk 0:02:11]} 15. b4 {[%clk 0:02:13]} Rc8 {[%clk 0:02:10]}
16. Bd3 {[%clk 0:02:11]} Ne4 {[%clk 0:02:07]} 17. Ke2 {[%clk 0:02:04]} Ke7
{[%clk 0:02:06]} 18. Be1 {[%clk 0:01:56]} Ndf6 {[%clk 0:02:04]} 19. h4
{[%clk 0:01:43]} Nh5 {[%clk 0:01:59]} 20. Kf3 {[%clk 0:01:40]} f5
{[%clk 0:02:00]} 21. Rg1 {[%clk 0:01:21]} Nhf6 {[%clk 0:02:00]} 22. Ra3
{[%clk 0:01:12]} Ng4 {[%clk 0:02:01]} 23. Be2 {[%clk 0:01:05]} Rcf8
{[%clk 0:01:28]} 24. Kg2 {[%clk 0:01:05]} Nef6 {[%clk 0:01:21]} 25. Bf3
{[%clk 0:00:51]} Nh6 {[%clk 0:01:21]} 26. b5 {[%clk 0:00:40]} cxb5
{[%clk 0:01:21]} 27. c6 {[%clk 0:00:42]} Rc8 {[%clk 0:01:06]} 28. Bb4+
{[%clk 0:00:39]} Kf7 {[%clk 0:01:07]} 29. Rc1 {[%clk 0:00:26]} Rxc6
{[%clk 0:00:49]} 30. Rxc6 {[%clk 0:00:27]} bxc6 {[%clk 0:00:51]} 31. Rxa6
{[%clk 0:00:28]} Rc8 {[%clk 0:00:51]} 32. Ra7+ {[%clk 0:00:28]} Kg8
{[%clk 0:00:52]} 33. Bd6 {[%clk 0:00:20]} Nhg4 {[%clk 0:00:52]} 34. Bxg4
{[%clk 0:00:18]} Nxg4 {[%clk 0:00:53]} 35. Kf3 {[%clk 0:00:19]} Nh6
{[%clk 0:00:16]} 36. b4 {[%clk 0:00:17]} Nf7 {[%clk 0:00:16]} 37. Be5
{[%clk 0:00:17]} Kf8 {[%clk 0:00:08]} 38. g4 {[%clk 0:00:16]} Kg8
{[%clk 0:00:05]} 39. Kg3 {[%clk 0:00:15]} Kf8 {[%clk 0:00:06]} 40. h5
{[%clk 0:00:13]} gxh5 {[%clk 0:00:04]} 41. gxh5 {[%clk 0:00:14]} Kg8
{[%clk 0:00:04]} 42. Kh3 {[%clk 0:00:13]} Kf8 43. Kh4 Kg8 {[%clk 0:00:07]} 44.
Re7 {[%clk 0:00:13]} Nxe5 {[%clk 0:00:07]} 45. fxe5 {[%clk 0:00:13]} Rf8
{[%clk 0:00:07]} 46. Kg5 {[%clk 0:00:12]} Kh7 {[%clk 0:00:04]} 47. Rxe6
{[%clk 0:00:13]} Ra8 {[%clk 0:00:04]} 48. Rxc6 {[%clk 0:00:13]} Ra4
{[%clk 0:00:04]} 49. e6 {[%clk 0:00:13]} Kg8 {[%clk 0:00:04]} 50. Rc8+ Kh7 51. e7
{[%clk 0:00:16]} 1-0

[Event "Blitz 2018"]
[Site "Saint-Petersburg"]
[Date "2018.12.30"]
[Round "15"]
[Board "76"]
[White "Danielyan Vahe (ARM)"]
[Black "Postny Evgeny (ISR)"]
[Result "0-1"]
[LiveChessVersion "1.4.8"]
[BlackElo "2657"]
[WhiteElo "2417"]

1. e4 {[%clk 0:03:03]} e5 {[%clk 0:03:03]} 2. Nf3 {[%clk 0:03:04]} Nc6
{[%clk 0:03:04]} 3. Nc3 {[%clk 0:03:05]} Nf6 {[%clk 0:03:05]} 4. Bb5
{[%clk 0:03:07]} Bd6 {[%clk 0:03:05]} 5. O-O {[%clk 0:03:05]} O-O
{[%clk 0:03:06]} 6. h3 {[%clk 0:03:03]} Re8 {[%clk 0:03:06]} 7. d3
{[%clk 0:03:03]} h6 {[%clk 0:03:06]} 8. Bxc6 {[%clk 0:03:03]} bxc6
{[%clk 0:03:03]} 9. b3 {[%clk 0:02:57]} Bf8 {[%clk 0:03:02]} 10. Bb2
{[%clk 0:02:57]} c5 {[%clk 0:03:00]} 11. Nd2 {[%clk 0:02:56]} d6 {[%clk 0:03:00]}
12. Nc4 {[%clk 0:02:56]} Be6 {[%clk 0:02:50]} 13. Ne3 {[%clk 0:02:57]} Nd7
{[%clk 0:02:46]} 14. Ne2 {[%clk 0:02:58]} Nb8 {[%clk 0:02:44]} 15. f4
{[%clk 0:02:58]} f6 {[%clk 0:02:45]} 16. fxe5 {[%clk 0:02:55]} fxe5
{[%clk 0:02:44]} 17. Ng3 {[%clk 0:02:33]} Qg5 {[%clk 0:02:37]} 18. Qf3
{[%clk 0:02:28]} Nc6 {[%clk 0:02:37]} 19. Nd5 {[%clk 0:02:22]} Rac8
{[%clk 0:02:26]} 20. c3 {[%clk 0:02:09]} Qg6 {[%clk 0:02:20]} 21. Rf2
{[%clk 0:01:59]} Be7 {[%clk 0:02:17]} 22. Raf1 {[%clk 0:01:54]} Bh4
{[%clk 0:01:50]} 23. Kh2 {[%clk 0:01:32]} Kh7 {[%clk 0:01:30]} 24. Ne3
{[%clk 0:01:31]} Ne7 {[%clk 0:01:25]} 25. Nef5 {[%clk 0:01:07]} Bxf5
{[%clk 0:01:15]} 26. exf5 {[%clk 0:01:08]} Bxg3+ {[%clk 0:01:11]} 27. Qxg3
{[%clk 0:01:08]} Qxg3+ {[%clk 0:01:12]} 28. Kxg3 {[%clk 0:01:09]} Nd5
{[%clk 0:01:10]} 29. Kh2 {[%clk 0:00:47]} Rf8 {[%clk 0:01:01]} 30. a3
{[%clk 0:00:35]} Ne3 {[%clk 0:00:59]} 31. Re1 {[%clk 0:00:30]} Rxf5
{[%clk 0:01:00]} 32. Rxf5 {[%clk 0:00:17]} Nxf5 {[%clk 0:01:01]} 33. Re4
{[%clk 0:00:18]} Rf8 {[%clk 0:00:57]} 34. Bc1 {[%clk 0:00:17]} Ne7
{[%clk 0:00:47]} 35. Kg1 {[%clk 0:00:15]} Nd5 {[%clk 0:00:42]} 36. Bd2
{[%clk 0:00:17]} Nf4 {[%clk 0:00:42]} 37. Ra4 {[%clk 0:00:15]} Nxd3
{[%clk 0:00:33]} 38. Be3 {[%clk 0:00:17]} Rb8 {[%clk 0:00:26]} 39. b4
{[%clk 0:00:18]} cxb4 {[%clk 0:00:25]} 40. axb4 {[%clk 0:00:19]} Rb7
{[%clk 0:00:23]} 41. g3 {[%clk 0:00:13]} Nb2 {[%clk 0:00:21]} 42. Ra6
{[%clk 0:00:10]} Nc4 {[%clk 0:00:19]} 43. Bc1 {[%clk 0:00:08]} Kg6
{[%clk 0:00:17]} 44. Kf1 {[%clk 0:00:09]} Kf5 {[%clk 0:00:18]} 45. Ke2
{[%clk 0:00:11]} Ke4 {[%clk 0:00:20]} 46. h4 {[%clk 0:00:10]} h5 47. Bg5 c5
{[%clk 0:00:19]} 48. Ra4 {[%clk 0:00:08]} cxb4 {[%clk 0:00:19]} 49. cxb4
{[%clk 0:00:09]} d5 {[%clk 0:00:20]} 50. b5 {[%clk 0:00:06]} Rxb5
{[%clk 0:00:20]} 51. Rxa7 {[%clk 0:00:08]} Rb2+ {[%clk 0:00:21]} 52. Kd1
{[%clk 0:00:09]} Kd3 {[%clk 0:00:20]} 53. Ra1 {[%clk 0:00:06]} Rh2
{[%clk 0:00:19]} 0-1

[Event "Blitz 2018"]
[Site "Saint-Petersburg"]
[Date "2018.12.30"]
[Round "15"]
[Board "77"]
[White "Teske Henrik (GER)"]
[Black "Baron Tal (ISR)"]
[Result "0-1"]
[LiveChessVersion "1.4.8"]
[BlackElo "2421"]
[WhiteElo "2565"]

1. e4 e6 2. d4 d5 3. exd5 exd5 4. Nf3 Bd6 5. c4 Nf6 6. Nc3 O-O 7. c5 Be7 8. Bf4
b6 9. cxb6 axb6 10. Bd3 c5 11. dxc5 bxc5 12. O-O Bg4 13. h3 Bh5 14. Re1 Nc6 15.
g4 Bg6 16. a3 Ra7 17. Ne5 Nd4 18. Be3 Rb7 19. b4 Bxd3 20. Qxd3 Nb3 21. Nc6 Qe8
22. Nxe7+ Rxe7 23. Nxd5 Nxd5 24. Qxb3 c4 25. Qxc4 Nxe3 26. fxe3 Rxe3 27. Kf2 Re6
28. Rad1 Rf6+ 29. Kg2 Qa8+ 30. Qe4 Qxa3 31. Rd3 Qa7 32. Rf3 Qa2+ 33. Re2 Qa1 34.
Rxf6 Qxf6 35. Rf2 Qb6 36. Qc4 Qb7+ 37. Kg3 Rc8 38. Qd4 h6 39. Rf3 Qb8+ 40. Qf4
Qa7 41. Qe4 Qg1+ 42. Kh4 Qg2 43. Re3 Qf2+ 44. Kh5 g6+ 0-1